00386 a2200133 4500000002500000100003400025110003400059245005400093250001900147260003000166264003000196942000700226999001900233 nam a22 7a 4500 aSonajirao, Ghorpade Shahurao  aSonajirao, Ghorpade Shahurao  aSports Medicine, Physiotherapy and Rehabilitation aLatest edition bKhel Sahitya Kendrac2025 bKhel Sahitya Kendrac2025 cBK c393703d393703